| 000 | 01012nam a22002537a 4500 | ||
|---|---|---|---|
| 005 | 20100629141657.0 | ||
| 008 | 100629t xxu||||| |||| 00| 0 hin d | ||
| 010 | _aHIN-89560 | ||
| 020 |
_a9789350002179 _c295.00 |
||
| 035 | _aHN-61906 | ||
| 037 | _bDBAD / PUB | ||
| 040 |
_aDPL _bHN |
||
| 082 | _aक | ||
| 100 |
_aनीलम शंकर _921253 |
||
| 245 |
_aसरकती रेत / _cनीलम शंकर |
||
| 246 |
_aSarakati Ret/ _bby Neelam Shankar |
||
| 260 |
_aनई दिल्ली _bवाणी प्रकाशन _c2010 |
||
| 270 |
_a4695, 21-ए, दरियागंज _bनई दिल्ली _e110002 |
||
| 300 |
_a200पृ _c22सेमी (सजिल्द) |
||
| 650 |
_aलघु कथाएँ, हिन्दी _91169 |
||
| 650 |
_aSort Stories, Hindi _921254 |
||
| 942 |
_2ddc _cHN _hक _mनीलम |
||
| 999 |
_c36750 _d36750 |
||